| 000 | 00961nam a2200217 a 4500 | ||
|---|---|---|---|
| 001 | BRCA_241 | ||
| 005 | 20190320202931.0 | ||
| 008 | 860220s2000 mx-#---#a#---#000-0#spa-# | ||
| 040 |
_aDLC _cCarP _dDLC |
||
| 050 | 4 |
_aF1226 _b.B53 2000 |
|
| 100 | 1 |
_aCampos, Sebastián I. _9843 |
|
| 245 | 1 | 0 |
_aRecuerdos históricos de la ciudad de Veracruz y Costa de Sotavento del estado durante las campañas de Tres años, la Intervención y el Imperio _cSebastián I. Campos ; presentación Alejandro de Antuñano Maurer. |
| 260 |
_aMéxico _bBiblioteca Mexicana de la Fundación Miguel Alemán _c2000 |
||
| 300 |
_a1 v. (en varias paginaciones) _bil. _c24 cm. |
||
| 500 | _aFacsímil de: México, Oficina Tip. de la Secretaría de Fomento, 1895 | ||
| 500 | _aIncluye índice onomástico | ||
| 651 | 4 |
_aVeracruz (México) _xHistoria _ySiglo XIX _9844 |
|
| 651 | 4 |
_aCosta de Sotavento, Veracruz (México) _9845 |
|
| 700 | 1 |
_aAntuñano Maurer, Alejandro de _9705 |
|
| 942 |
_2lcc _cB |
||
| 999 |
_c198 _d198 |
||